[Event "Hoogovens"]
[Site "Wijk aan Zee"]
[Date "1999.01.20"]
[Round "4"]
[White "Timman, Jan H"]
[Black "Shirov, Alexei"]
[Result "1/2-1/2"]
[WhiteElo "2649"]
[BlackElo "2726"]
[Annotator "Krasenkow,M"]
[PlyCount "79"]
[EventDate "1999.01.16"]
[EventType "tourn"]
[EventRounds "13"]
[EventCountry "NED"]
[EventCategory "17"]
[SourceTitle "CBM 069"]
[Source "ChessBase"]
[SourceDate "1999.04.01"]
[SourceVersion "1"]
[SourceVersionDate "1999.04.01"]
[SourceQuality "1"]

1. d4 Nf6 2. c4 g6 3. Nc3 d5 4. cxd5 Nxd5 5. e4 Nxc3 6. bxc3 Bg7 7. Be3 c5 8.
Qd2 Qa5 9. Rb1 b6 10. Bb5+ Bd7 11. Be2 Bc6 $1 12. Bd3 Nd7 $1 {I found this
move (with idea Rd8, Ne5 or - after the exchange on d4 - Nc5) in 1993 but had
no opportunity to apply it until Kasparov played it against Shaked in 1997.} (
12... O-O 13. Ne2 e6 14. h4 Nd7 15. h5 Nf6 16. f3 Nxh5 17. g4 Nf6 18. Bh6 Bh8
19. Bxf8 Rxf8 20. Rh3 Bg7 21. e5 Nd5 22. f4 f6 23. exf6 Nxf6 {1-0 Epishin,
V-Sokolov,I/Biel izt 1993 (68)}) 13. h4 {An attempt to refute Black's plan
with a direct attack.} (13. Ne2 Rd8 14. h4 (14. O-O cxd4 15. cxd4 Qxd2 16. Bxd2
Nc5 17. dxc5 Rxd3) 14... h5 (14... cxd4 15. cxd4 Nc5 16. Qxa5 bxa5 17. Bb5 Bxb5
18. Rxb5 Nxe4 19. O-O O-O 20. Rfb1 Nd6 21. Rxa5 Rd7 $11) 15. f3 O-O 16. Bg5 (
16. Rg1 $6 Rfe8 17. Bg5 Ba4 18. g4 cxd4 19. cxd4 hxg4 20. Rxg4 Ne5 21. Qxa5
bxa5 22. dxe5 Rxd3 $15 {1/2-1/2 Epishin,V-Notkin,M/Russian Club Cup, Maikop
1998 (45)}) (16. Kf2 cxd4 17. cxd4 (17. Nxd4 $2 Ba4 18. Qb2 Rc8 $15 {0-1
Kachiani Gersinska,K-Alterman,B/Recklinghauser Schachtage 1998 (36)}) 17...
Qxd2 18. Bxd2 Nc5 19. dxc5 Rxd3 20. Bg5 f6 21. Be3 $11) 16... Rfe8 17. Rc1 Bb7
18. d5 $2 (18. O-O f6 19. Bh6 e5 20. Bxg7 Kxg7 21. d5 $11) 18... Ne5 19. Bb1
Nc4 20. Qf4 $4 (20. Qc2 Ba6 $17) 20... Be5 {0-1 Shaked,T-Kasparov,G/Tilburg
Fontys/1997/}) 13... Rd8 {Black doesn't fear White's threats.} (13... h5 $5)
14. h5 Ne5 $1 15. dxe5 c4 16. Bd4 cxd3 17. Nf3 Bxe4 18. h6 Bf8 19. Ng5 Bxg2 20.
Rh2 {White has a certain compensation for his sacrificed pawns so he can hope
to save a draw here.} Qd5 {Black is preparing ...f7-f6 to develop his kingside
pieces but eventually has to give up his material gains.} (20... Bd5 $5 21.
Qxd3 $44 {[%csl Rh8]}) 21. Qxd3 f6 22. Rb5 Qc6 23. exf6 exf6 24. f3 $1 fxg5 25.
Rxg2 Bxh6 ({After} 25... Be7 26. Re2 Rf8 27. Rbe5 Rf7 28. R2e4 {[%cal Yd3e2,
Yd3e3,Ge1e8] White maintains sufficient counterplay along the e-file.}) 26.
Qe2+ (26. Rh2 $2 O-O $1 27. Rxh6 Rxf3 28. Qe2 Rxd4 $1 $19) 26... Kf7 27. Bxh8
Rxh8 28. Qd3 Re8+ (28... Bg7 29. c4) 29. Re2 {After the exchange of rooks
Black's advantage slips away.} Rxe2+ 30. Kxe2 Qe6+ 31. Kd1 Qxa2 32. Qd7+ Kg8
33. Rd5 Qb3+ 34. Ke2 Qc4+ 35. Kf2 Bf8 36. Qe6+ Kh8 37. Qf6+ Kg8 38. Qe6+ Kh8
39. Qe5+ Kg8 40. Qe6+ 1/2-1/2

[Event "EU-Cup 14th final"]
[Site "Belgrade"]
[Date "1999.01.11"]
[Round "1"]
[White "Ivanov, Sergey"]
[Black "Greenfeld, Alon"]
[Result "1/2-1/2"]
[WhiteElo "2528"]
[BlackElo "2521"]
[Annotator "Krasenkow,M"]
[PlyCount "97"]
[EventDate "1999.01.11"]
[EventType "team-k.o."]
[EventRounds "3"]
[EventCountry "YUG"]
[SourceTitle "EXT 2020"]
[Source "ChessBase"]
[SourceDate "2019.10.17"]
[SourceVersion "1"]
[SourceVersionDate "2019.10.17"]
[SourceQuality "1"]
[WhiteTeam "St Petersburg"]
[BlackTeam "Beer-Sheva Chess Club"]
[WhiteTeamCountry "RUS"]
[BlackTeamCountry "ISR"]

1. d4 Nf6 2. c4 g6 3. Nc3 d5 4. cxd5 Nxd5 5. e4 Nxc3 6. bxc3 Bg7 7. Nf3 c5 8.
Rb1 O-O 9. Be2 Nc6 10. d5 Ne5 11. Nxe5 Bxe5 12. Qd2 e6 13. f4 Bc7 {A risky
line as the black king is now dangerously unprotected. Still, no refutation
has been found so far.} 14. O-O exd5 15. exd5 Ba5 16. Rb3 $6 (16. d6) (16. Ba3)
(16. f5) 16... b6 (16... Qd6 17. Qd1 (17. Kh1 $5) 17... Bd7 18. Ra3 c4 19. Kh1
Qc5 20. Bxc4 Qxc4 21. Rxa5 Bg4 22. Qe1 b6 23. Ra3 Rfd8 24. Rg1 Rxd5 25. Qh4 Qe2
26. c4 Rd1 27. Re3 Rxg1+ 28. Kxg1 Qxc4 29. Re1 h5 30. Qf6 Qb4 31. Rf1 {
Lindinger,M-Wilhelmi,C/City-ch, Hamburg GER 1998/1/2-1/2 (41)}) (16... a6 17.
Qd1 (17. Ba3 Qd6) 17... Bd7 18. Ra3 c4 19. Bxc4 Rc8 20. Bd3 Bxc3 21. Kh1 Bb4
22. f5 Qh4 23. Bb1 Bxa3 24. Bxa3 Bb5 25. g3 Qg5 26. Rf4 Rfe8 27. Be4 Rc4 28.
Qf3 Qh5 29. g4 Qh4 30. fxg6 hxg6 31. Kg2 Qe1 {0-1 Dannevig,O-Svidler,P/Gausdal
Int 1992}) 17. Qd3 $6 {This only leads to a loss of several tempi.} (17. f5
Bxf5 18. Rxf5 (18. Qh6 Qxd5 19. c4 Qd4+ 20. Kh1 Bc3 21. Rf3 Rae8 22. Bf1 Re1
23. Be3 Qxc4 24. Rxc3 Rxf1+ 25. Bg1 Qd4 26. Rce3 Rb1 27. Rxf5 Qd1 {0-1 Touzane,
O-Van Wely,L/Lost Boys Open 1998}) 18... gxf5 19. Qf4 (19. Qh6 c4 20. Bxc4 f6
21. Ba3 Qc7 22. Qh4 Rfc8 23. Ba6 Re8 24. d6 Qg7 25. Bc4+ Kh8 26. Bd5 Rad8 27.
h3 b5 28. Kh2 a6 29. Bc5 Re5 30. c4 Be1 31. Qf4 bxc4 32. Rb7 Qg3+ 33. Qxg3
Bxg3+ 34. Kxg3 Rxd5 35. Rc7 Kg8 36. Kf4 Re8 37. Bb4 a5 38. Ba3 Re4+ 39. Kf3
Rd3+ 40. Kf2 Rxa3 41. d7 Rxa2+ {0-1 Aubel,J-Finkel,A/Dutch Open, Dieren NED
1997}) 19... c4 20. Bxc4 Rc8 21. Bd3 Qxd5 22. Qg5+ Kh8 23. Qf6+ Kg8 24. Bh6
Qc5+ 25. Kh1 Bxc3 26. Rxc3 {1-0 Wang Yaoyao-Yin Hao/Beijing Lee Cup 1996 - did
Black lose on time?} Qxc3 {-+}) (17. Qd1 {(probably the best)} Bd7 18. c4 $1 (
18. Ra3 $6 Re8 19. c4 Qf6 20. Qc2 Qd4+ 21. Kh1 Bb4 22. Rg3 Ba4 23. Qd3 f5 24.
Qxd4 cxd4 25. Bd3 Be1 26. Rh3 Bd1 27. Bb1 Rac8 28. Rd3 Be2 {0-1 Siegel,
G-Gavrikov,V/SUI-chT 1995}) 18... Ba4 19. Bb2 Re8 20. d6 Bxb3 21. axb3 Rxe2 $1
22. Qxe2 Qxd6 23. Rd1 Qxf4 24. h3 {~=} b5 25. Rf1 Qd6 26. Rd1 Qg3 27. Rd3 Qf4 {
1/2-1/2 Greenfeld,A-Finkel,A/ISR-chT 1996}) (17. Qb2 Qxd5 18. Bf3 Qc4 19. Bxa8
Ba6 20. Re1 Rxa8 {~=} 21. Qd2 Qd3 22. Qxd3 Bxd3 23. Ra3 Rd8 24. Be3 Rd5 25. g4
f5 26. Rd1 c4 27. g5 Kf7 28. Kf2 Ke6 29. Bd4 Rb5 30. Re1+ Be4 31. h4 Kd5 {
Pelletier,Y-Ashley,M/Mermaid Beach Club 1999/1/2-1/2 (41)}) 17... Bf5 18. Qf3
Re8 {=+} 19. c4 Qh4 20. Bb2 (20. g3 Qh3) 20... Be4 21. Qg4 Qxg4 22. Bxg4 Bc2
23. Rh3 Re4 24. Rc1 Rxf4 $2 {Black occasionally loses control of the e-file...
and the assessment of the position changes dramatically!} (24... Ba4 25. Rd3 (
25. Ra3 Bd2 26. Bf3 (26. Rf1 Rxc4) 26... Re3 27. Rf1 Rxa3 28. Bxa3 Bxf4 {-/+})
25... Rxf4 26. Bf3 b5 (26... Re8 27. d6) 27. d6 Rd8 28. cxb5 (28. g3 bxc4 29.
Ra3 Rxf3 30. Rxf3 Rxd6 31. Ra3 Bd2 {-/+}) 28... Bxb5 29. Rd5 Bb6 {-/+}) 25.
Rxc2 Rxg4 26. Re3 {+/-} b5 27. d6 (27. cxb5 c4 28. Re7 c3 {~}) 27... Rd4 (27...
Rxc4 $2 28. d7 Rf8 29. Rce2 Rb4 30. Re8) 28. Bxd4 cxd4 29. Ra3 (29. Rd3 bxc4
30. Rxc4 Rd8 31. Rc6 Kf8 32. Kf1 Bb6 33. a4 Ke8 34. a5 Bxa5 35. Rxd4 {+/-})
29... Bb4 30. Rb3 Bxd6 31. Rxb5 Bf4 32. Rd5 Kf8 33. c5 Ke7 34. c6 Ke6 35. Rd7
Rc8 36. Kf1 Bxh2 37. Rxd4 Bc7 38. Rd7 Bb6 39. Re2+ Kf6 40. Rc2 Ke6 41. Re2+ Kf6
42. Ree7 Rxc6 43. Rxf7+ Kg5 44. Rxh7 Rc1+ 45. Ke2 Rg1 46. Kf3 $2 (46. Rh2 $1
Ra1 (46... Kg4 47. Rd1 Kg3 (47... Rxd1 48. Kxd1 g5 49. Rh3 {+-}) 48. Rh3+ Kxg2
49. Rxg1+ Bxg1 50. Rh6 g5 51. Rg6 {+-}) 47. Rd2 Kg4 {+/-}) 46... Rf1+ 47. Ke4 (
47. Kg3 Bf2+ 48. Kh2 Kg4 $1 {(this is probably what White overlooked when
playing 46.Kf3?)} 49. Rd3 Bg1+ {=}) 47... Rf4+ 48. Kd3 Rg4 49. Rxa7 (49. Rd5+
Kf6 50. Rh2 Bg1) 1/2-1/2

[Event "RUS-CHN Summit Men 4th"]
[Site "Nizhnij Novgorod"]
[Date "2007.08.30"]
[Round "10"]
[White "Wang, Yue"]
[Black "Timofeev, Artyom"]
[Result "1-0"]
[WhiteElo "2696"]
[BlackElo "2650"]
[Annotator "Krasenkow,M"]
[PlyCount "75"]
[EventDate "2007.08.20"]
[EventType "schev"]
[EventRounds "10"]
[EventCountry "RUS"]
[SourceTitle "CBM 120"]
[Source "ChessBase"]
[SourceDate "2007.10.02"]
[SourceVersion "1"]
[SourceVersionDate "2007.10.02"]
[SourceQuality "1"]

1. d4 Nf6 2. c4 g6 3. Nc3 d5 4. cxd5 Nxd5 5. e4 Nxc3 6. bxc3 Bg7 7. Nf3 c5 8.
Rb1 O-O 9. Be2 b6 10. O-O Bb7 11. Qd3 Ba6 12. Qe3 Qd7 13. dxc5 Bxe2 14. Qxe2
bxc5 15. Qc4 Qc6 16. e5 Nd7 17. Re1 e6 $1 {About this line - see CBM 86,
annotations to Markos-Greenfeld.} 18. Qh4 (18. Bg5 Rfb8 19. Rbd1 Nb6 20. Qe2
Qa4 21. Rd6 Nd5 22. c4 (22. Ra6 $142 $13) 22... Nc3 23. Qd3 (23. Qe3 $142)
23... Nxa2 24. Rd1 Nb4 $17 {1-0 Markos,J-Greenfeld,A/Leon 2001/CBM 086/
[Krasenkow] (37)}) 18... Rfb8 19. Ra1 {A sad necessity.} (19. Bh6 $2 Nxe5 $1)
19... Qc7 20. Bf4 (20. Bh6 Nxe5 21. Ng5 Bxh6 22. Qxh6 f6 23. Nxe6 Qe7 24. Nf4
Qf7 25. Rad1 Rd8 26. Qh3 Rab8 $15 {1/2-1/2 Murdzia,P-Kovchan,A/Cappelle la
Grande 2003/CBM 092 ext (67)}) 20... c4 (20... Rb2 $5 21. Rad1 Nb6 22. Bh6 Rxa2
23. Bxg7 Kxg7 24. Qf6+ Kg8 25. Ng5 h6 26. Ne4 c4 27. Qf3 Rb8 28. Nf6+ Kg7 29.
Qf4 Qe7 30. Rd6 Nd5 31. Qxc4 Rbb2 32. Rd7 Rxf2 {1/2-1/2 Erbe,U-Steenbekkers,F/
Chessfriend.com 2003/Telechess CBM 99}) 21. Rad1 Nc5 22. Bh6 Nd3 23. Bxg7 Kxg7
24. Qf6+ (24. Re4 Qd8 25. Qg3 Rb2 $1 26. Rxc4 $4 Nf4 $1) 24... Kg8 25. Re4 Rb2
26. Rf1 Rab8 27. h4 {This counterplay must be enough to keep balance but not
more.} Rxa2 $2 {But this optimistic move leads to serious problems for Black.}
(27... h5 28. Ng5 R2b7 29. f4 $13) (27... Rb1 28. Rxb1 Rxb1+ 29. Kh2 Nxf2 $13
30. Rxc4 $5 Qxc4 31. Qd8+ $11) 28. Ng5 $1 {[%cal Re4c4]} (28. h5 $143 Qd8 29.
Rxc4 $11) 28... Rf8 29. h5 Qd8 (29... h6 30. hxg6 $1 hxg5 31. Qxg5 $18 {->})
30. Nxh7 $1 Qxf6 31. Nxf6+ Kg7 (31... Kh8 32. hxg6 $140 Kg7 {was probably a
lesser evil.}) 32. h6+ $1 Kh8 {[%csl Rh8] The black king is now trapped in the
corner cage. White just needs to lay the table for a delicious meal.} (32...
Kxh6 $2 33. Rh4+ Kg5 34. g3 {[%cal Rf2f4]} Nxe5 35. Ne4+ Kf5 36. Rf4#) 33. f4
Rc8 34. Rd4 g5 (34... a5 35. Rd7 Rf8 36. Rb1 Rb2 $8 37. Rxb2 Nxb2 38. Re7 a4
39. Nd7 $18) 35. fxg5 Nxe5 36. Rfd1 Nd3 37. Rd7 Rf8 38. g6 1-0

[Event "Tata Steel-A 76th"]
[Site "Wijk aan Zee"]
[Date "2014.01.18"]
[Round "6"]
[White "Giri, Anish"]
[Black "Gelfand, Boris"]
[Result "1/2-1/2"]
[WhiteElo "2734"]
[BlackElo "2777"]
[Annotator "Krasenkow,M"]
[PlyCount "131"]
[EventDate "2014.01.11"]
[EventType "tourn"]
[EventRounds "11"]
[EventCountry "NED"]
[EventCategory "20"]
[SourceTitle "CBM 159"]
[Source "ChessBase"]
[SourceDate "2014.03.17"]
[SourceVersion "1"]
[SourceVersionDate "2014.03.17"]
[SourceQuality "1"]

1. d4 Nf6 2. c4 g6 3. Nc3 d5 4. cxd5 Nxd5 5. e4 Nxc3 6. bxc3 Bg7 7. Be3 c5 8.
Rc1 Qa5 9. Qd2 cxd4 10. cxd4 Qxd2+ 11. Bxd2 O-O 12. Nf3 Bg4 13. Be3 (13. d5 {
is rather a harmless alternative. The same can be said about the whole line
although, of course, equality doesn't mean a draw.}) 13... Rd8 (13... Nd7 14.
Bc4 (14. Rc7 e5 15. d5 Rfc8 16. Rxb7 Nc5 17. Rb4 Bf8 18. Nxe5 Nd7 $13 {1/2 (29)
Rodshtein,M (2637)-Kovchan,A (2554) Biel 2011}) 14... Rac8 15. O-O Nb6 16. Bb3
Bd7 (16... Rxc1 17. Rxc1 Rc8 18. Rxc8+ Bxc8 19. Ng5 e6 20. d5 exd5 21. Bxb6
axb6 22. Bxd5 $16 {1-0 (44) Hracek,Z (2627)-Bosiocic,M (2562) Plovdiv 2012})
17. Ne5 Bxe5 18. dxe5 Bb5 19. Rfd1 Be2 20. Rd4 Rxc1+ 21. Bxc1 Kg7 22. e6 $14 {
1-0 (60) Kozul,Z (2606)-Grandelius,N (2544) Sarajevo 2013}) (13... Bxf3 14.
gxf3 e6 {may be even simpler:} (14... Nc6 15. d5 Nd4 16. Bh3 (16. Be2 Rac8 17.
Kd2 e6 18. Kd3 {1/2 (28) Poobesh Anand,S (2416)-Karavade,E (2321) Atul 2006}
Nxe2 19. Kxe2 exd5 20. exd5 Rcd8 $11) (16. f4 Rac8 17. Rxc8 Rxc8 18. Bd3 Nf3+
19. Ke2 Nd4+ 20. Kd2 Nf3+ 21. Ke2 Nd4+ 22. Kd2 Nf3+ 23. Ke2 {1/2 (23)
Khairullin,I (2626)-Sutovsky,E (2700) Plovdiv 2012}) (16. Rc7 e6 17. dxe6 Nxe6
18. Rxb7 Rab8 19. Rb3 Nd4 20. Bxd4 Bxd4 21. Ba6 Rfd8 22. Ke2 Rxb3 23. axb3 Be5
24. Bc4 Rd7 25. h3 Kg7 26. Rc1 Kf6 27. Rc2 Kg5 $11 {1/2 (34) Michalik,P (2508)
-Kovchan,A (2579) Groningen 2012}) (16. Bg2 $5 {needs deeper analysis. In the
following game Black didn't equalize:} Rfc8 (16... Rac8 $142 17. Kd2 f5 $5) 17.
Kd2 e6 18. Kd3 exd5 19. Bxd4 dxe4+ 20. fxe4 Rd8 (20... Rxc1 21. Rxc1 Rd8 22. e5
Bxe5 23. Rc4 b5 24. Rb4 a5 25. Ke3 axb4 26. Bxe5 $16 {_|_}) 21. e5 Bxe5 22. Rc4
b5 {0-1 (56) Kotanjian,T (2560)-Pantsulaia,L (2616) Dubai 2007} 23. Rb4 $1 $16
a5 $140 24. Rxb5 Rxd4+ 25. Ke3 Re8 26. Rxe5) 16... f5 17. Kf1 (17. Bxd4 Bxd4
18. exf5 gxf5 19. Rg1+ Kh8 20. Rg5 Rad8 21. Rxf5 Rxf5 22. Bxf5 Rxd5 $15 {
1/2 (64) Nguyen,C (2389)-Le Roux,J (2571) Sautron 2013}) 17... Nxf3 (17... e6
18. dxe6 Nxe6 19. exf5 gxf5 20. Rd1 Rad8 21. Rxd8 Nxd8 22. Kg2 Nc6 23. Rd1 f4
24. Bc1 Ne5 25. Be6+ Kh8 26. h4 b5 27. h5 h6 28. Rd5 $14 {1/2 (42) Sargissian,
G (2667)-Li,C (2649) Wijk aan Zee 2011}) 18. exf5 gxf5 (18... Nh4 19. fxg6 Nxg6
20. Be6+ Kh8 21. Rc7 Be5 22. Rxb7 Rab8 23. Rxb8 Rxb8 24. Kg2 $14 {1/2 (71)
Nguyen,N (2639)-Firat,B (2423) Istanbul 2012}) 19. Rc7 Rad8 20. Rxe7 Rxd5 21.
Bg2 Nd2+ (21... Rd1+ 22. Ke2 Rxh1 23. Bxh1 Nd4+ 24. Kd3 Nb5 25. Bd5+ Kh8 26.
Rxb7 $16 {1-0 (46) Hracek,Z (2635)-Lalic,B (2476) Bol 2013}) 22. Ke2 Ne4 23.
Bxe4 fxe4 $11) 15. Bb5 (15. Bc4 Nc6 16. d5 exd5 17. Bxd5 Nb4 18. Bxb7 Nd3+ 19.
Ke2 Nxc1+ 20. Rxc1 Rab8 21. Rb1 Rbd8 22. Bxa7 Bd4 $11 {1/2 (27) Sargissian,G 
(2667)-Navara,D (2708) Wijk aan Zee 2011}) 15... a6 16. Ba4 b5 17. Bb3 a5 18.
a4 bxa4 19. Bxa4 Na6 20. O-O Nb4 (20... Rfd8 21. d5 exd5 22. Bc6 Nb4 23. Bxa8
Rxa8 24. Rfd1 dxe4 25. fxe4 a4 26. Rc4 a3 27. Rxb4 {1/2 (27) Ragger,M (2655)
-Rakhmanov,A (2593) Moscow 2012}) 21. Rfd1 Rfd8 22. Rc7 Bf8 23. Kg2 Bd6 24. Rb7
Rdb8 25. Rd7 Rd8 26. Rb7 Rdb8 27. Rd7 Rd8 28. Rb7 Rdb8 29. Rd7 Rd8 30. Rb7 Rdb8
{1/2 (30) Wang,Y (2706)-Li,C (2693) China 2013}) (13... Nc6 14. d5 Na5 (14...
Ne5 $143 15. Nxe5 Bxe5 {0-1 (30) Van den Bersselaar,J (2211)-Swiercz,D (2585)
Bad Wiessee 2011} 16. f4) (14... Nb4 15. a3 Na2 16. Rc7 Nc3 17. h3 Bxf3 18.
gxf3 b5 19. Bxa7 Be5 20. Rxe7 Rfc8 21. Rb7 Nb1 22. Be3 Rxa3 23. f4 Bc3+ 24. Ke2
Bd2 $132 {0-1 (33) Dao,T (2523)-Li,C (2681) Jakarta 2012}) 15. Bd3 e6 16. Bd2
b6 17. O-O exd5 18. exd5 Rad8 19. Bxa5 bxa5 20. Rc5 a4 21. Bc2 Bxf3 22. gxf3
Bd4 $44 {1/2 (34) Ragger,M (2628)-Areshchenko,A (2664) Germany 2011}) 14. Be2 (
14. d5 Nd7 15. h3 (15. Nd4 Nb6 16. Nb5 Rdc8 17. Rxc8+ Rxc8 18. Be2 Bd7 19. O-O
Rc2 20. Bd3 Rxa2 $15 {0-1 (32) San Segundo Carrillo,P (2528)-Mamedyarov,S 
(2503) Leon 2001}) 15... Bxf3 16. gxf3 Rdc8 17. Rxc8+ Rxc8 18. Bd3 Bd4 19. Kd2
Bxe3+ 20. fxe3 e6 21. Rb1 Nc5 22. Rc1 b6 $11 {1-0 (36) Daly,C (2285)-Gormally,
D (2520) Dublin 2012}) 14... e6 15. Ne5 Bxe2 16. Kxe2 f6 {This is simpler than}
(16... Bxe5 17. dxe5 Nc6 {although White didn't achieve anything in the
following game:} 18. f4 Rd7 19. Rhd1 Rad8 20. Rxd7 Rxd7 21. Bc5 Kg7 22. Rc3 h5
23. Ra3 a6 24. Rc3 f6 25. exf6+ Kxf6 26. Bb6 e5 27. fxe5+ Kxe5 28. Rg3 Kxe4 29.
Rxg6 Ne5 30. Re6 Kf5 31. Rh6 Nc4 32. Be3 {1/2 (32) Carron,J (2273)-Tukmakov,V 
(2564) Lausanne 2004}) 17. Nf3 Nc6 18. Rc4 Rd7 19. h4 Rad8 20. g3 f5 $11 21. e5
h6 {Black, controlling the light squares, has no problems whatsoever; on the
other hand, it is difficult for him to make use of his queenside pawn
advantage due to his smaller amount of space on the board. In general, the
position is equal.} 22. Rb1 Bf8 23. a4 Na5 24. Rc2 Nc6 25. Kf1 Nb4 26. Rc4 Nd5
27. a5 Kf7 28. Bd2 b6 29. Ne1 Rc7 30. Rxc7+ Nxc7 {[%mdl 4096]} 31. axb6 axb6
32. Nc2 {Still keeping the tension, instead of total liquidation after} (32.
Rxb6 Rxd4) 32... Rb8 33. Ke2 b5 34. Ra1 Rb7 35. Ra5 b4 36. Na1 Be7 37. Nb3 g5 (
37... h5 $5) 38. h5 Nd5 39. Kd3 Rc7 40. f3 f4 $6 {White will play g3-g4,
gaining the e4-square, anyway but it is better for Black to exchange another
pair of pawns in that case.} (40... Rb7 $142 41. g4 fxg4 42. fxg4 Bf8) 41. g4
Bf8 42. Ra8 Be7 43. Ra6 Bf8 44. Ra1 Be7 45. Ra8 Bf8 46. Na5 Be7 47. Rb8 Bf8 (
47... Kg7 $142 48. Nb7 ({or} 48. Nc4) 48... Rc6) 48. Nc4 (48. Nb7 $142 $1)
48... Rd7 (48... Rc6 $142 {preventing Nc4-d6+}) 49. Ke4 Ra7 50. Nd6+ Bxd6 51.
exd6 {Now Black must play extremely accurately.} Nf6+ $2 (51... Kf6 $1 {
[%cal Ya7d7]} 52. Rh8 (52. Bxb4 $2 Nxb4 53. Rxb4 Ra3 54. d5 e5 $19) (52. Rd8
Rb7) (52. Rg8 Kf7 $1 $11 53. Rg6 $6 (53. Rc8 Rb7) 53... b3 54. Bc1 Nf6+ 55. Kd3
Ra2 56. Rxh6 b2 57. Bxb2 Rxb2 $17) 52... Kg7 53. Rc8 Rb7 $1 54. Bxb4 $1 Rxb4
55. Ke5 Nb6 $1 56. Rc7+ Kf8 $1 57. Rh7 (57. d7 $2 Ke7) (57. Kxe6 Rxd4 58. Rc6 (
58. Rb7 Na4 $1) 58... Nc4 59. d7 Rxd7 $1 60. Kxd7 Ne5+ 61. Kd6 Nxc6 62. Kxc6
Ke7 $11) 57... Rb3 58. d7 Nxd7+ 59. Rxd7 Rxf3 60. Kf6 Ke8 61. Rh7 Rg3 62. Rxh6
Rxg4 63. Kxe6 Kf8 64. d5 Rg2 {- Black should not lose.}) 52. Kd3 Nd7 53. Rd8 $2
(53. Rh8 $1 Ra3+ (53... Kg7 54. Re8) 54. Kc4 b3 55. Bc3 Nf8 56. Rxh6 $16) 53...
b3 54. Bc3 Rb7 55. Bb2 Nf6 56. Kc4 Rd7 (56... Rb6 $5 57. Rh8 (57. Kc5 Ra6 $1)
57... Rc6+ 58. Kxb3 Rxd6 59. Rxh6 Rb6+ 60. Kc2 Nd5 {with good drawing chances
for Black}) 57. Rxd7+ Nxd7 58. Kxb3 Nb6 $2 (58... Ke8 $1 59. d5 (59. Kc2 Kf7)
59... e5 {was correct - see below (indicated by IM Maxim Notkin)}) 59. Ba3 $2 (
{It was not easy to find} 59. d5 $3 {(M.Notkin)} exd5 (59... Nxd5 60. Bg7 $3
Nb6 61. Bxh6 Kf6 62. Bf8 $18 {[%csl Gd6,Gh5]}) 60. Kb4 $1 {[%cal Rb4b5]} Nc4
61. d7 $1 Ke7 62. Bg7 Kxd7 (62... Nd2 63. Bxh6 Nxf3 (63... Kxd7 64. Bg7 Ke7 65.
h6 Kf7 66. Bc3) 64. Bg7 Kxd7 65. h6 Nh4 66. Kc3 $18) 63. Bxh6 Ke6 64. Bxg5 Nd2
65. Bxf4 Nxf3 66. Kc3 $18 {_|_}) 59... Ke8 $1 60. Bc5 (60. d5 $1 {was still
possible but now after} e5 $1 61. Bb2 Nd7 62. Kc4 Kd8 $1 {White can't break up
Black's defence, e.g.} 63. Kd3 (63. Ba3 e4 $1 64. fxe4 Ne5+ 65. Kd4 Nxg4) (63.
Kb5 e4 $1) 63... Nc5+ 64. Kc2 Nd7 65. Ba3 Nf6 66. Kd3 Kd7 {[%cal Rf6d5]}) 60...
Nd7 61. Kc4 Nf6 62. Kd3 Kd7 {Black has properly rearranged his pieces, and his
fortress is unassailable.} 63. Bb4 Kc6 64. Kc4 Kd7 65. Kd3 Kc6 66. Kc4 1/2-1/2